000 00220 a2200097 4500
001 24720
100 _aDinsdale, A
245 _aViscosity and its Measurement
260 _a
_bChapman & Hall
_c1962
090 _c16692
_d16692
942 _aNUST-CAE
_cM
_c7438
999 _c259793
_d259793